Widok standardowy
Widok MARC
Pozycja Personal Name
Liczba rekordów, w których użyto hasła: 1
001 - Numer kontrolny
- control field: 40476
003 - Identyfikator numeru kontrolnego
- control field: NUKAT
005 - Data i czas ostatniej modyfikacji
- control field: 20260424125953.0
008 - Dane kontrolne kodowane (40 znaków)
- fixed length control field: 150126n||a|znnaabn |a aaa |c
010 ## - Numer kontrolny Biblioteki Kongresu
- numer kontrolny LC: n 2015165989
024 7# - OTHER STANDARD IDENTIFIER
- Standard number or code: 308210897
- Source of number or code: viaf
024 7# - OTHER STANDARD IDENTIFIER
- Standard number or code: 0000000433762757
- Source of number or code: isni
024 7# - OTHER STANDARD IDENTIFIER
- Standard number or code: Q95233492
- Source of number or code: wikidata
040 ## - Instytucja sporządzająca rekord
- inst. przygot. dane do rek. khw: TOR U/MK
- język haseł przedmiotowych/tezaurus: kaba
- inst. wprow. rek. khw: TOR U/JSK
046 ## - Special dates
- Birth date: 1980
099 ## - Sygnatura lokalna
- sygnatura: n (hh)15JSK109
100 1# - Hasło - nazwa osobowa
- nazwa osobowa w formie ujednoliconej: Becker, Maximilian
- daty biograficzne: (1980- ).
372 ## - Field of activity
- Field: Historia.
- Auth control #: http://nukat.edu.pl/aut/s 94205867
- Source of term: kaba
374 ## - Occupation
- Occupation: Historycy.
- Auth control #: http://nukat.edu.pl/aut/s 94205772
- Source of term: kaba
670 ## - Źródło informacji
- źródło informacji: Mitstreiter im Volkstumskampf : Deutsche Justiz in den eingegliederten Ostgebieten 1939-1945 / Maximilian Becker. - Oldenburg, 2014.
- gdzie znaleziono informację: Obwol. (Maximilian Becker, 1980- )
670 ## - Źródło informacji
- źródło informacji: DNB online